|
|
|
|
| LEADER |
01499cas a2200241 a 4500 |
| 001 |
AALejournalIMF011842 |
| 008 |
230101c9999 xx r poo 0 0eng d |
| 020 |
|
|
|c 5.00 USD
|
| 020 |
|
|
|z 9781475503357
|
| 022 |
|
|
|a 1018-5941
|
| 040 |
|
|
|a BD-DhAAL
|c BD-DhAAL
|
| 100 |
1 |
|
|a Hardy, Daniel.
|
| 245 |
1 |
0 |
|a Bank Capitalization As a Signal /
|c Daniel Hardy.
|
| 264 |
|
1 |
|a Washington, D.C. :
|b International Monetary Fund,
|c 2012.
|
| 300 |
|
|
|a 1 online resource (25 pages)
|
| 490 |
1 |
|
|a IMF Working Papers
|
| 500 |
|
|
|a <strong>Off-Campus Access:</strong> No User ID or Password Required
|
| 500 |
|
|
|a <strong>On-Campus Access:</strong> No User ID or Password Required
|
| 506 |
|
|
|a Electronic access restricted to authorized BRAC University faculty, staff and students
|
| 520 |
3 |
|
|a The level of a bank's capitalization can effectively transmit information about its riskiness and therefore support market discipline, but asymmetry information may induce exaggerated or distortionary behavior: banks may vie with one another to signal confidence in their prospects by keeping capitalization low, and banks' creditors often cannot distinguish among them - tendencies that can be seen across banks and across time. Prudential policy is warranted to help offset these tendencies.
|
| 538 |
|
|
|a Mode of access: Internet
|
| 830 |
|
0 |
|a IMF Working Papers; Working Paper ;
|v No. 2012/114
|
| 856 |
4 |
0 |
|z Full text available on IMF
|u http://elibrary.imf.org/view/journals/001/2012/114/001.2012.issue-114-en.xml
|z IMF e-Library
|